| 000 | 00828nam a22002297a 4500 | ||
|---|---|---|---|
| 003 | BD-JhCC | ||
| 005 | 20240517085723.0 | ||
| 008 | 171031b2012 bg |||| ||a| 000 0 ben d | ||
| 020 | _a9789848941027 | ||
| 035 | _a(BD-JhCC) | ||
| 040 |
_aBD-JhCC _dBD-JhCC |
||
| 041 | _aben | ||
| 082 |
_a510 _bADR 2012 |
||
| 100 | _aঅ্যাড্রিয়ান, ড. ওয়াই ই ও | ||
| 245 |
_a1001 ম্যাথ ফর্মূলা / _cড. ওয়াই ই ও অ্যাড্রিয়ান অনুবাদ আবুল বাসার |
||
| 260 |
_aঢাকা : _bঅধুনা প্রকাশন, _c২০১২. |
||
| 300 |
_a185 পৃ. : _c২২ সেমি . |
||
| 650 | _aMathematical Recreation | ||
| 700 | _aবাসার, আবুল | ||
| 942 |
_2ddc _cBK |
||
| 999 |
_c13940 _d13940 |
||